000 00442nam a2200181Ia 4500
005 20140402152544.0
008 140130s9999 xx 000 0 und d
020 _a0439651379
050 _aPZ 7
_b.K8369Ff 2005
100 _aKorman, Gordon
245 _cGordon Korman.
_aFugitive factor
260 _bScholastic,
_aUSA :
_c2005.
300 _a148 p. :
_c20 cm.
521 _aG5
526 _c760
942 _cBK
_2lcc
999 _c41097
_d41097